Towards India's freedom and partition/ (Record no. 69704)

MARC details
000 -LEADER
fixed length control field 00857nam a22002177a 4500
005 - DATE AND TIME OF LATEST TRANSACTION
control field 20120904115950.0
010 ## - LCCN (DPL NO)
LC control number B-463589
020 ## - INTERNATIONAL STANDARD BOOK NUMBER
International Standard Book Number 9788129102508
Terms of availability 495.00
035 ## - SYSTEM CONTROL NUMBER
System control number B-463589
037 ## - SOURCE OF ACQUISITION
Stock number dpl
Source of stock number/acquisition RBC Pub/Ven
082 ## - DEWEY DECIMAL CLASSIFICATION NUMBER
Classification number 954.0842
100 ## - MAIN ENTRY--PERSONAL NAME
Personal name Mehrotra, S.R.
245 ## - TITLE STATEMENT
Title Towards India's freedom and partition/
Statement of responsibility, etc by S.R. Mehrotra
260 ## - PUBLICATION, DISTRIBUTION, ETC. (IMPRINT)
Place of publication, distribution, etc New delhi
Name of publisher, distributor, etc Rupa.Co
Date of publication, distribution, etc 2007
270 ## - ADDRESS
Address 7/16, Ansari Road, Daryaganj,
City New Delhi
Postal code 110002
300 ## - PHYSICAL DESCRIPTION
Extent vii 509p.
Dimensions 22cm (pbk)
500 ## - GENERAL NOTE
General note it includes index
942 ## - ADDED ENTRY ELEMENTS (KOHA)
Source of classification or shelving scheme Dewey Decimal Classification
Item type English Books
Call number suffix MEH
Classification part 954.0842
Holdings
Withdrawn status Lost status Not for loan Collection code Home library Current library Date acquired Source of acquisition Cost, normal purchase price Full call number Barcode Copy number Cost, replacement price Koha item type
      Non-fiction Central Library Central Library 11/09/2012 RBC/27483/6.02.2012/26/18.01.2012/17.02.2012 495.00 954.0842 MEH B-463589 1 495.00 English Books

© Delhi Public Library
Hit Counter
free hit counter